| 000 | 00374 a2200169 4500 | ||
|---|---|---|---|
| 001 | 188365 | ||
| 020 | _a85-7442-052-2 | ||
| 040 | _cMagnum | ||
| 100 | _aSant´anna, Eliana | ||
| 240 | 1 | 0 |
_aA árvore da sabedoria _lpor |
| 245 | 1 | 0 | _aA árvore da sabedoria |
| 300 | _a88 | ||
| 362 | 0 | _a2000 | |
| 440 | 1 | _aMiguilim | |
| 697 | _aLITERATURA INFANTO-JUVENIL | ||
| 942 | _cBK | ||
| 999 |
_c188365 _d188365 |
||